Memoria anual: 1973 /
El documento consiste en la memoria anual del Ministerio de Salubridad Pública del año 1973.
Gespeichert in:
| Körperschaft: | |
|---|---|
| Format: | Text |
| Sprache: | Spanish |
| Veröffentlicht: |
San José :
M. de S. Sección audio-visual
1974
|
| Schlagworte: | |
| Tags: |
Tag hinzufügen
Keine Tags, Fügen Sie den ersten Tag hinzu!
|
MARC
| LEADER | 00000 a a2200000 04500 | ||
|---|---|---|---|
| 001 | 17845 | ||
| 003 | cru CIDCACS/IIS | ||
| 005 | 20230522123623.0 | ||
| 008 | 230522e1974 cr ||||| |||| 00| 0 spa d | ||
| 040 | |c CRAI/IIS | ||
| 090 | |a 02.05.02 CR8375m 1973 | ||
| 110 | |a Costa Rica. Ministerio de Salud | ||
| 245 | |a Memoria anual: 1973 / |c Ministerio de Salud | ||
| 260 | |a San José : |b M. de S. Sección audio-visual |c 1974 | ||
| 300 | |a 82 páginas | ||
| 520 | |a El documento consiste en la memoria anual del Ministerio de Salubridad Pública del año 1973. | ||
| 650 | |a MINISTERIO DE SALUD, CR | ||
| 650 | 0 | |a SALUD |9 2449 | |
| 650 | 0 | |a MEMORIA |9 5366 | |
| 651 | 0 | |9 32 |a COSTA RICA | |
| 942 | |2 ddc |c LITG |h 02.05.02 CR8375m 1973 |i 05570 |6 020502_CR8375M_1973_05570 | ||
| 999 | |c 11187 |d 11187 | ||
